Statistiques concernant Champions et finalistes de la Ligue des Champions (depuis 1993)

Cliquez ici pour prendre le quiz!

Statistiques générales

  • Ce quiz a été pris 304 fois
  • Le résultat moyen est 47 sur 50

Statistiques - réponses

AnnéeChampions et finalistes% Correct
2017Real Madrid
100%
1998Real Madrid
100%
2000Real Madrid
100%
2002Real Madrid
100%
2016Real Madrid
100%
2014Real Madrid
100%
2009FC Barcelone
98%
1994FC Barcelone
98%
2011FC Barcelone
98%
2006FC Barcelone
98%
2015FC Barcelone
98%
2012Bayern Munich
97%
2010Bayern Munich
97%
2001Bayern Munich
97%
2013Bayern Munich
97%
1999Bayern Munich
97%
2012Chelsea FC
97%
2008Chelsea FC
97%
1994AC Milan
96%
1993AC Milan
96%
2007AC Milan
96%
2005AC Milan
96%
2003AC Milan
96%
1995AC Milan
96%
2008Manchester United
96%
2009Manchester United
96%
1999Manchester United
96%
2011Manchester United
96%
1993Olympique de Marseille
96%
2010Inter Milan
95%
1997Juventus FC
95%
2015Juventus FC
95%
1996Juventus FC
95%
1998Juventus FC
95%
2017Juventus FC
95%
2003Juventus FC
95%
2005Liverpool FC
95%
2007Liverpool FC
95%
1997Borussia Dortmund
94%
2013Borussia Dortmund
94%
2014Atlético Madrid
93%
2016Atlético Madrid
93%
2004FC Porto
91%
2006Arsenal FC
85%
2004AS Monaco
85%
1995Ajax Amsterdam
79%
1996Ajax Amsterdam
79%
2002Bayer Leverkusen
67%
2001Valence CF
66%
2000Valence CF
66%

Distribution des résultats

Percentile par nombre de réponses

% des personnes avec chaque résultat

Votre développement - résultats

Vous n’avez pas pris ce quiz